[Event "Cerrado GM"]
[Site "Hotel Don Carlos de Huarte (N"]
[Date "2009.12.01"]
[Round "1"]
[White "Garbisu De Goni, Unai"]
[Black "Mirzoev, Azer"]
[Result "1/2-1/2"]
[WhiteElo "2458"]
[BlackElo "2617"]
[PlyCount "34"]
[EventDate "2009.12.01"]

1. e4 c5 2. Nf3 g6 3. d4 Bg7 4. dxc5 Qa5+ 5. c3 Qxc5 6. Be3 Qc7 7. Nd4 Nc6 8.
Na3 Nf6 9. f3 O-O 10. Nab5 Qb8 11. c4 b6 12. Be2 Bb7 13. Qd2 Rd8 14. O-O e6 15.
Rfd1 Ne5 16. Rac1 a6 17. Nc3 d5 1/2-1/2

[Event "Cerrado GM"]
[Site "Hotel Don Carlos de Huarte (N"]
[Date "2009.12.01"]
[Round "1"]
[White "Rojas Keim, Luis"]
[Black "Cabrera Trujillo, Jorge"]
[Result "1-0"]
[WhiteElo "2466"]
[BlackElo "2380"]
[PlyCount "149"]
[EventDate "2009.12.01"]

1. d4 d5 2. Bg5 h6 3. Bh4 c6 4. Nf3 Qb6 5. b3 Bf5 6. e3 Nd7 7. Bd3 Bxd3 8. Qxd3
Ngf6 9. O-O e6 10. c4 Ne4 11. c5 Qc7 12. Nc3 f5 13. Bg3 Qa5 14. Ne2 b6 15. cxb6
axb6 16. Qc2 Rc8 17. Nf4 Kf7 18. Nd3 Ba3 19. Nfe5+ Nxe5 20. Nxe5+ Kf6 21. f3
Nxg3 22. hxg3 c5 23. Qe2 Rhe8 24. f4 g6 25. g4 cxd4 26. exd4 Kg7 27. Rf3 Qb4
28. Rd3 Rc7 29. Rad1 Rc1 30. Rxc1 Bxc1 31. Qf2 Rc8 32. gxf5 exf5 33. Rg3 g5 34.
fxg5 hxg5 35. Nd3 Qd6 36. Rh3 f4 37. Ne5 Qf6 38. Ng4 Qe6 39. Qf3 Bb2 40. Qd3
Qe4 41. Qa6 Bxd4+ 42. Kh2 Re8 43. Qb7+ Qe7 44. Qxd5 Be5 45. Qc6 f3+ 46. g3 Bd6
47. Qc3+ Be5 48. Qc6 Rh8 49. Rxh8 Kxh8 50. Qxf3 Qh7+ 51. Kg2 Qc2+ 52. Nf2 Kg7
53. Qe4 Qc7 54. Qe3 Qc6+ 55. Ne4 Bf6 56. Qf3 Qc2+ 57. Kh3 Qc8+ 58. Qg4 Qc1 59.
Qd7+ Kg6 60. Qe8+ Kg7 61. Qd7+ Kg6 62. Kg2 Qc2+ 63. Kf3 Qxa2 64. Qe6 Qa1 65.
Qxf6+ Qxf6+ 66. Nxf6 Kxf6 67. Ke4 Ke6 68. g4 b5 69. b4 Kd6 70. Kf5 Kd5 71. Kxg5
Kc4 72. Kf4 Kxb4 73. g5 Kc3 74. g6 b4 75. g7 1-0

[Event "Cerrado GM"]
[Site "Hotel Don Carlos de Huarte (N"]
[Date "2009.12.01"]
[Round "1"]
[White "Cruz, Cristhian"]
[Black "Cuadras Avellana, Jorge"]
[Result "1-0"]
[WhiteElo "2523"]
[BlackElo "2340"]
[PlyCount "49"]
[EventDate "2009.12.01"]

1. d4 Nf6 2. c4 e6 3. Nf3 b6 4. g3 Ba6 5. Qc2 Bb7 6. Bg2 c5 7. d5 exd5 8. cxd5
Nxd5 9. O-O Be7 10. Rd1 Qc8 11. a3 Nf6 12. Nc3 d5 13. Bg5 O-O 14. Bxf6 Bxf6 15.
Nxd5 Bxd5 16. Rxd5 Nc6 17. Rd6 Nd4 18. Nxd4 cxd4 19. Rc6 Qd8 20. Qf5 Bg5 21. h4
Be7 22. h5 Bd6 23. Be4 g6 24. hxg6 hxg6 25. Qd5 1-0

[Event "Cerrado GM"]
[Site "Hotel Don Carlos de Huarte (N"]
[Date "2009.12.01"]
[Round "1"]
[White "Llorente Zaro, Alfonso"]
[Black "Huerga Leache, Mikel"]
[Result "1/2-1/2"]
[WhiteElo "2441"]
[BlackElo "2435"]
[PlyCount "108"]
[EventDate "2009.12.01"]

1. d4 d5 2. Nf3 Nf6 3. c4 c6 4. e3 a6 5. Qc2 g6 6. Bd3 Bg7 7. O-O O-O 8. Nbd2
Bg4 9. Ne5 Nbd7 10. Nxg4 Nxg4 11. cxd5 cxd5 12. Qb3 Qc7 13. Nf3 e6 14. Bd2 Rfc8
15. Rac1 Qb6 16. Qa4 Ngf6 17. Ba5 Qd6 18. Qb3 Qb8 19. Rc3 Rxc3 20. Qxc3 Qc8 21.
Rc1 Qxc3 22. Rxc3 b6 23. Bb4 Bf8 24. Bxf8 Kxf8 25. a4 Ke7 26. Kf1 Kd6 27. Ne5
Ke7 28. f4 Nxe5 29. fxe5 Nd7 30. Rc6 Kd8 31. Ke2 b5 32. axb5 axb5 33. Kd2 b4
34. Kc2 Ra1 35. Ra6 Rg1 36. Ra7 Rxg2+ 37. Kb3 Rxh2 38. Bb5 Nb6 39. Rxf7 Nc4 40.
Bxc4 dxc4+ 41. Kxb4 Rxb2+ 42. Kxc4 Rc2+ 43. Kd3 Rc7 44. Rf8+ Kd7 45. e4 Kc6 46.
Rf6 Re7 47. d5+ Kd7 48. Kd4 g5 49. d6 Rg7 50. Rf3 g4 51. Rc3 Kd8 52. Ra3 Kc8
53. Rc3+ Kd8 54. Ra3 Kc8 1/2-1/2

[Event "Cerrado GM"]
[Site "Hotel Don Carlos de Huarte (N"]
[Date "2009.12.01"]
[Round "1"]
[White "Savchenko, Stanislav"]
[Black "Hernandez Carmenates, Holden"]
[Result "1-0"]
[WhiteElo "2536"]
[BlackElo "2564"]
[PlyCount "59"]
[EventDate "2009.12.01"]

1. Nf3 Nf6 2. c4 e6 3. Nc3 Bb4 4. Qc2 O-O 5. a3 Bxc3 6. Qxc3 b6 7. g3 d5 8. Bg2
Bb7 9. O-O dxc4 10. Re1 b5 11. b3 Ne4 12. Qc2 cxb3 13. Qxb3 a6 14. d3 Nc5 15.
Qc2 Nbd7 16. Bg5 f6 17. Be3 Qe7 18. Rec1 Na4 19. Qxc7 Bd5 20. Bd2 Rfb8 21. e4
Bb7 22. Nd4 Nb2 23. Bb4 Qe8 24. Qd6 Nxd3 25. Rc7 a5 26. Rxd7 axb4 27. Nxe6 Kh8
28. Rxg7 b3 29. Rxh7+ Kg8 30. Qc7 1-0

[Event "Cerrado GM"]
[Site "Hotel Don Carlos de Huarte (N"]
[Date "2009.12.02"]
[Round "2"]
[White "Mirzoev, Azer"]
[Black "Hernandez Carmenates, Holden"]
[Result "1/2-1/2"]
[WhiteElo "2617"]
[BlackElo "2564"]
[PlyCount "37"]
[EventDate "2009.12.01"]

1. e4 c5 2. c3 Nf6 3. e5 Nd5 4. d4 cxd4 5. Qxd4 e6 6. Nf3 Nc6 7. Qg4 d6 8. exd6
Qxd6 9. Qg3 h6 10. Qxd6 Bxd6 11. Nbd2 b6 12. Bb5 Bd7 13. Ne4 Be7 14. O-O O-O-O
15. Bc4 Nc7 16. Re1 f6 17. Ng3 g5 18. Be3 Na5 19. Bf1 1/2-1/2

[Event "Cerrado GM"]
[Site "Hotel Don Carlos de Huarte (N"]
[Date "2009.12.02"]
[Round "2"]
[White "Huerga Leache, Mikel"]
[Black "Savchenko, Stanislav"]
[Result "1/2-1/2"]
[WhiteElo "2435"]
[BlackElo "2536"]
[PlyCount "37"]
[EventDate "2009.12.01"]

1. e4 c5 2. Nf3 d6 3. d4 cxd4 4. Nxd4 Nf6 5. Nc3 a6 6. Be3 e5 7. Nf3 Qc7 8. a4
Be7 9. a5 O-O 10. Be2 Nbd7 11. O-O b5 12. axb6 Nxb6 13. Nd2 a5 14. Bxb6 Qxb6
15. Nc4 Qc5 16. Ne3 Be6 17. Ra4 Rfb8 18. Qa1 Rb4 19. Bd3 1/2-1/2

[Event "Cerrado GM"]
[Site "Hotel Don Carlos de Huarte (N"]
[Date "2009.12.02"]
[Round "2"]
[White "Cuadras Avellana, Jorge"]
[Black "Llorente Zaro, Alfonso"]
[Result "0-1"]
[WhiteElo "2340"]
[BlackElo "2441"]
[PlyCount "124"]
[EventDate "2009.12.01"]

1. e4 d6 2. d4 Nf6 3. Nc3 Nbd7 4. Nf3 e5 5. Bc4 Be7 6. O-O exd4 7. Nxd4 Nb6 8.
Bd3 O-O 9. Qf3 Nfd7 10. Bf4 Bf6 11. Nf5 Ne5 12. Bxe5 Bxe5 13. Nd1 Qf6 14. c3 g6
15. Nh6+ Kg7 16. Ng4 Qxf3 17. gxf3 Bf4 18. Nge3 Bh3 19. Ng2 Bh6 20. Nde3 f5 21.
Rfe1 fxe4 22. fxe4 Nd7 23. Rad1 Ne5 24. Be2 Rf7 25. Nc4 Raf8 26. Nxe5 Rxf2 27.
Bf3 Rc2 28. Re2 Rxe2 29. Bxe2 dxe5 30. Rd5 Kf6 31. Kf2 c6 32. Rd3 Ke7+ 33. Kg3
Be6 34. b3 Rd8 35. Rxd8 Kxd8 36. Bg4 Bg8 37. Kf2 Bd2 38. c4 Ke7 39. Nh4 Kd6 40.
Ke2 Bf4 41. Nf3 h5 42. Bc8 Kc7 43. Bh3 Bf7 44. Bg2 Kd6 45. h3 Kc5 46. Kd3 Kb4
47. Kc2 Ka3 48. Kb1 Bg3 49. Nd2 a5 50. Ka1 a4 51. Nb1+ Kb4 52. Kb2 axb3 53.
axb3 Bf2 54. Bf1 Be3 55. Kc2 b5 56. Nc3 bxc4 57. bxc4 Bxc4 58. Bg2 Bd4 59. Nb1
Bb3+ 60. Kc1 c5 61. Bf1 c4 62. Be2 c3 0-1

[Event "Cerrado GM"]
[Site "Hotel Don Carlos de Huarte (N"]
[Date "2009.12.02"]
[Round "2"]
[White "Cabrera Trujillo, Jorge"]
[Black "Cruz, Cristhian"]
[Result "1/2-1/2"]
[WhiteElo "2380"]
[BlackElo "2523"]
[PlyCount "49"]
[EventDate "2009.12.01"]

1. e4 c5 2. Nf3 e6 3. d4 cxd4 4. Nxd4 Nc6 5. Nc3 Qc7 6. Be3 a6 7. Bd3 Nf6 8.
O-O Ne5 9. Nf3 Neg4 10. Bd2 d6 11. Qe2 Be7 12. Rae1 O-O 13. e5 Nxe5 14. Nxe5
dxe5 15. f4 e4 16. Nxe4 Bd7 17. Kh1 Rac8 18. Bc3 Nxe4 19. Qxe4 f5 20. Qe5 Qxe5
21. Bxe5 Bb5 22. Bxb5 axb5 23. c3 Rfd8 24. Bd4 Kf7 25. a3 1/2-1/2

[Event "Cerrado GM"]
[Site "Hotel Don Carlos de Huarte (N"]
[Date "2009.12.02"]
[Round "2"]
[White "Garbisu De Goni, Unai"]
[Black "Rojas Keim, Luis"]
[Result "1-0"]
[WhiteElo "2458"]
[BlackElo "2466"]
[PlyCount "59"]
[EventDate "2009.12.01"]

1. e4 e6 2. d4 d5 3. e5 c5 4. c3 Nc6 5. Nf3 Qb6 6. a3 Nh6 7. b4 cxd4 8. cxd4
Nf5 9. Be3 f6 10. exf6 gxf6 11. Bd3 Nxe3 12. fxe3 Bh6 13. Qe2 Bd7 14. Nc3 Ne7
15. O-O O-O 16. Kh1 Ng6 17. Nh4 Kg7 18. Qg4 f5 19. Qg3 Qd8 20. Nxg6 hxg6 21.
Ne2 Rc8 22. Rac1 Qe7 23. Nf4 g5 24. Nh5+ Kh7 25. Rc7 Rxc7 26. Qxc7 Kg6 27. g4
Rc8 28. Qe5 Qf7 29. Qd6 Bf8 30. Rxf5 1-0

[Event "Cerrado GM"]
[Site "Hotel Don Carlos de Huarte (N"]
[Date "2009.12.03"]
[Round "3"]
[White "Rojas Keim, Luis"]
[Black "Mirzoev, Azer"]
[Result "0-1"]
[WhiteElo "2466"]
[BlackElo "2617"]
[PlyCount "106"]
[EventDate "2009.12.01"]

1. d4 Nf6 2. Bg5 c5 3. Bxf6 gxf6 4. d5 Qb6 5. Qc1 Bh6 6. e3 d6 7. c4 Nd7 8. Nc3
f5 9. f4 Nf6 10. Bd3 Bg7 11. Nge2 Bd7 12. Qc2 Ng4 13. Qd2 h5 14. h3 Nf6 15.
O-O-O h4 16. Qc2 e6 17. Ng1 Nh5 18. Nf3 O-O-O 19. Rhf1 Bf6 20. Rf2 Kb8 21. Rfd2
Bc8 22. dxe6 fxe6 23. Bf1 a6 24. Rd3 Ng3 25. Na4 Qc7 26. Nc3 Rhg8 27. R3d2 Bd7
28. Bd3 Bc6 29. Rf2 Rg7 30. Ne2 Ne4 31. Bxe4 Bxe4 32. Qd2 d5 33. cxd5 Rxd5 34.
Qe1 Rxd1+ 35. Qxd1 Rd7 36. Qe1 Rd3 37. Nc3 Bxc3 38. bxc3 Qa5 39. Kb2 Rd6 40.
Ka1 Bxf3 41. gxf3 Qd8 42. Rf1 Rd2 43. Qb1 Qd5 44. e4 Qc4 45. Rc1 Ka7 46. exf5
exf5 47. Rc2 Rd3 48. Qf1 Qd5 49. Qf2 Rxf3 50. Qxh4 Rf1+ 51. Kb2 Qc4 52. Qd8
Qb5+ 53. Ka3 Rxf4 0-1

[Event "Cerrado GM"]
[Site "Hotel Don Carlos de Huarte (N"]
[Date "2009.12.03"]
[Round "3"]
[White "Cruz, Cristhian"]
[Black "Garbisu De Goni, Unai"]
[Result "1-0"]
[WhiteElo "2523"]
[BlackElo "2458"]
[PlyCount "85"]
[EventDate "2009.12.01"]

1. d4 f5 2. g3 Nf6 3. Bg2 g6 4. c3 Bg7 5. Qb3 Nc6 6. Nh3 e6 7. Nd2 O-O 8. Nf4
g5 9. Nd3 d5 10. Nf3 Ne4 11. h4 g4 12. Nfe5 Ne7 13. Bf4 b6 14. f3 gxf3 15. exf3
Nf6 16. h5 Qe8 17. h6 Bh8 18. O-O-O Nh5 19. Rdg1 Nxf4 20. Nxf4 Bxe5 21. dxe5
Ng6 22. Qd1 c5 23. Nxg6 hxg6 24. f4 Kh7 25. g4 fxg4 26. Bf1 c4 27. Rxg4 Bd7 28.
Rhg1 Rg8 29. Qd2 Qe7 30. Be2 Raf8 31. Bd1 Be8 32. Bc2 Qc5 33. R1g3 b5 34. Kb1
a5 35. Qg2 Rf5 36. Bxf5 exf5 37. Rg5 b4 38. Rxf5 bxc3 39. bxc3 Rf8 40. Rxf8
Qxf8 41. Qxd5 Qxf4 42. Qb7+ Kxh6 43. Rh3+ 1-0

[Event "Cerrado GM"]
[Site "Hotel Don Carlos de Huarte (N"]
[Date "2009.12.03"]
[Round "3"]
[White "Llorente Zaro, Alfonso"]
[Black "Cabrera Trujillo, Jorge"]
[Result "1-0"]
[WhiteElo "2441"]
[BlackElo "2380"]
[PlyCount "87"]
[EventDate "2009.12.01"]

1. c4 e5 2. g3 Nf6 3. Bg2 d5 4. cxd5 Nxd5 5. Nf3 Nc6 6. O-O Nb6 7. d3 Be7 8.
Nbd2 O-O 9. a3 a5 10. b3 Be6 11. Bb2 f6 12. Qc2 Qd7 13. Rfd1 Rfd8 14. Nc4 Qe8
15. Rdc1 a4 16. b4 e4 17. Nxb6 Bb3 18. Qc3 exf3 19. Nxa8 fxg2 20. Nxc7 Qh5 21.
Qd2 Ne5 22. Bxe5 fxe5 23. Rc3 Rd6 24. Qe3 Rh6 25. h4 Bxh4 26. Qf3 Qxf3 27. exf3
Bg5 28. Kxg2 Bd2 29. Rc5 Rd6 30. Rh1 b6 31. Rxe5 Rxd3 32. Rhh5 Bf7 33. Rh4 h6
34. Nb5 Bc1 35. Rhe4 Bxa3 36. Nxa3 Rxa3 37. Re7 Bd5 38. Re3 Rb3 39. Rd7 Bc4 40.
Ra7 Rxb4 41. Ree7 Bb3 42. Rxg7+ Kf8 43. Rgc7 Rc4 44. Ra8# 1-0

[Event "Cerrado GM"]
[Site "Hotel Don Carlos de Huarte (N"]
[Date "2009.12.03"]
[Round "3"]
[White "Savchenko, Stanislav"]
[Black "Cuadras Avellana, Jorge"]
[Result "1-0"]
[WhiteElo "2536"]
[BlackElo "2340"]
[PlyCount "75"]
[EventDate "2009.12.01"]

1. Nf3 c5 2. c4 Nc6 3. Nc3 Nd4 4. g3 Nxf3+ 5. exf3 g6 6. d4 cxd4 7. Qxd4 Nf6 8.
Bg2 Bg7 9. O-O O-O 10. f4 d6 11. Bd2 a6 12. b3 Qc7 13. Rac1 Be6 14. Rfe1 Rac8
15. Qe3 Rfe8 16. h3 h5 17. Na4 Nd7 18. Qf3 Rb8 19. g4 hxg4 20. hxg4 Nf8 21. Nc3
Qd7 22. Bh3 f5 23. g5 Bf7 24. Nd5 Qd8 25. Bg2 Nd7 26. Bc3 e5 27. Rcd1 Nb6 28.
Ba5 e4 29. Qe2 Bxd5 30. cxd5 Rc8 31. Rc1 Bd4 32. Qd2 Rxc1 33. Rxc1 Bc5 34. Rc3
e3 35. fxe3 Qe7 36. Rxc5 dxc5 37. d6 Qd7 38. Bxb6 1-0

[Event "Cerrado GM"]
[Site "Hotel Don Carlos de Huarte (N"]
[Date "2009.12.03"]
[Round "3"]
[White "Hernandez Carmenates, Holden"]
[Black "Huerga Leache, Mikel"]
[Result "1-0"]
[WhiteElo "2564"]
[BlackElo "2435"]
[PlyCount "111"]
[EventDate "2009.12.01"]

1. d4 d5 2. c4 c6 3. Nc3 Nf6 4. e3 a6 5. Nf3 b5 6. b3 Bg4 7. Be2 e6 8. O-O Bd6
9. h3 Bh5 10. Bb2 Nbd7 11. Ne5 Bxe2 12. Nxe2 bxc4 13. bxc4 O-O 14. Rb1 Qc7 15.
Nxd7 Qxd7 16. c5 Bc7 17. Nc1 Ne4 18. Nd3 Rfb8 19. Qc2 Ba5 20. Rfd1 Rb5 21. f3
Ng3 22. Kf2 Nf5 23. g4 Qc7 24. f4 Ne7 25. a4 Rb7 26. Bc3 Rab8 27. Rxb7 Rxb7 28.
Ra1 Bxc3 29. Qxc3 g5 30. Ra2 Ng6 31. Rb2 Rxb2+ 32. Qxb2 gxf4 33. Qb6 fxe3+ 34.
Kxe3 Qg3+ 35. Kd2 e5 36. dxe5 d4 37. Qd8+ Kg7 38. Qxd4 Kg8 39. Qd8+ Nf8 40.
Qg5+ Ng6 41. h4 Qxh4 42. Qxh4 Nxh4 43. Ke3 Ng6 44. a5 Kg7 45. Ke4 Nf8 46. Nb4
Ne6 47. Nxa6 f6 48. Nb4 Nxc5+ 49. Kf5 fxe5 50. Nd3 Na6 51. Kxe5 Kg6 52. Kd6 Kg5
53. Kxc6 Kxg4 54. Kb7 h5 55. Kxa6 h4 56. Kb5 1-0

[Event "Cerrado GM"]
[Site "Hotel Don Carlos de Huarte (N"]
[Date "2009.12.03"]
[Round "4"]
[White "Mirzoev, Azer"]
[Black "Huerga Leache, Mikel"]
[Result "1/2-1/2"]
[WhiteElo "2617"]
[BlackElo "2435"]
[PlyCount "84"]
[EventDate "2009.12.01"]

1. d4 d5 2. c4 c6 3. Nf3 Nf6 4. Nc3 a6 5. Qb3 e6 6. Bg5 Nbd7 7. e4 dxe4 8. Nxe4
Be7 9. Nxf6+ Bxf6 10. Bxf6 Qxf6 11. c5 O-O 12. Qe3 b6 13. cxb6 Nxb6 14. Rc1 Nd5
15. Qd2 Bb7 16. Rc5 Qg6 17. Qd3 Qxd3 18. Bxd3 Nf4 19. Bf1 e5 20. dxe5 Rfe8 21.
Bc4 Nxg2+ 22. Kd2 Rad8+ 23. Kc3 Nf4 24. Nd4 Rd7 25. Nf5 Kf8 26. Nd6 Nd5+ 27.
Kd4 Nb6 28. Bb3 Nc8 29. Bc4 Nxd6 30. exd6 Rxd6+ 31. Kc3 Rf6 32. Rf1 Bc8 33. f4
Be6 34. Rxc6 Bxc4 35. Rxc4 Re3+ 36. Kd2 Rh3 37. Rf2 Rfh6 38. Re2 g6 39. Ra4
Rxh2 40. b4 g5 41. fxg5 Rd6+ 42. Ke1 Rh1+ 1/2-1/2

[Event "Cerrado GM"]
[Site "Hotel Don Carlos de Huarte (N"]
[Date "2009.12.03"]
[Round "4"]
[White "Cuadras Avellana, Jorge"]
[Black "Hernandez Carmenates, Holden"]
[Result "0-1"]
[WhiteElo "2340"]
[BlackElo "2564"]
[PlyCount "116"]
[EventDate "2009.12.01"]

1. e4 c5 2. Nc3 d6 3. Nf3 Nf6 4. d4 cxd4 5. Nxd4 a6 6. Be2 e6 7. O-O Be7 8. f4
Qc7 9. Qe1 O-O 10. Kh1 b5 11. Bf3 Bb7 12. g4 b4 13. Na4 Nc6 14. Be3 Nxd4 15.
Bxd4 e5 16. Bb6 Qc6 17. Qxb4 a5 18. Bxa5 Ba6 19. Rfd1 Rfb8 20. Nb6 Bf8 21. Qc3
Rxb6 22. Bxb6 Qxb6 23. fxe5 Rc8 24. Qd4 Qxd4 25. Rxd4 dxe5 26. Rd2 Bb7 27. Re1
h6 28. c3 Be7 29. Kg2 Kf8 30. Kg3 Ke8 31. h4 Nd7 32. Bd1 Nb6 33. Bb3 Nc4 34.
Rde2 Nd6 35. Bc2 Ra8 36. Bb3 Bc6 37. Bd5 Bxd5 38. exd5 f6 39. a3 Ra4 40. Ra1 h5
41. b4 hxg4 42. Kxg4 f5+ 43. Kh3 e4 44. Rb2 Bf6 45. Rb3 Kd7 46. Rc1 Nc4 47. b5
Na5 48. Rbb1 Rxa3 49. Ra1 Rxa1 50. Rxa1 Bxc3 51. Rc1 Bd2 52. Rg1 e3 53. Rg2 Kd6
54. Kg3 Kxd5 55. Kf3 Nb3 56. Ke2 Ke4 57. Rxg7 Nd4+ 58. Kd1 Kd3 0-1

[Event "Cerrado GM"]
[Site "Hotel Don Carlos de Huarte (N"]
[Date "2009.12.03"]
[Round "4"]
[White "Cabrera Trujillo, Jorge"]
[Black "Savchenko, Stanislav"]
[Result "1/2-1/2"]
[WhiteElo "2380"]
[BlackElo "2536"]
[PlyCount "23"]
[EventDate "2009.12.01"]

1. e4 c5 2. Nf3 d6 3. d4 cxd4 4. Nxd4 Nf6 5. Nc3 a6 6. g3 e5 7. Nb3 Nbd7 8. a4
b6 9. Bg2 Bb7 10. O-O Rc8 11. Re1 Be7 12. Nd2 1/2-1/2

[Event "Cerrado GM"]
[Site "Hotel Don Carlos de Huarte (N"]
[Date "2009.12.03"]
[Round "4"]
[White "Garbisu De Goni, Unai"]
[Black "Llorente Zaro, Alfonso"]
[Result "1/2-1/2"]
[WhiteElo "2458"]
[BlackElo "2441"]
[PlyCount "37"]
[EventDate "2009.12.01"]

1. e4 d6 2. d4 Nf6 3. Nc3 e5 4. Nf3 Nbd7 5. Bc4 Be7 6. O-O O-O 7. Re1 c6 8. a4
b6 9. d5 cxd5 10. Nxd5 Bb7 11. b3 Rc8 12. Re2 Nc5 13. Nxf6+ Bxf6 14. Bd5 Qd7
15. Ba3 Bxd5 16. Qxd5 Rfd8 17. Rd2 Ne6 18. Qb5 Nd4 19. Nxd4 1/2-1/2

[Event "Cerrado GM"]
[Site "Hotel Don Carlos de Huarte (N"]
[Date "2009.12.03"]
[Round "4"]
[White "Rojas Keim, Luis"]
[Black "Cruz, Cristhian"]
[Result "1/2-1/2"]
[WhiteElo "2466"]
[BlackElo "2523"]
[PlyCount "23"]
[EventDate "2009.12.01"]

1. d4 d5 2. Bg5 h6 3. Bh4 c6 4. Nf3 Qb6 5. b3 Bf5 6. e3 Nd7 7. Bd3 Bxd3 8. Qxd3
e6 9. O-O Be7 10. Bxe7 Nxe7 11. c4 Qa6 12. Nc3 1/2-1/2

[Event "Cerrado GM"]
[Site "Hotel Don Carlos de Huarte (N"]
[Date "2009.12.04"]
[Round "5"]
[White "Cruz, Cristhian"]
[Black "Mirzoev, Azer"]
[Result "1/2-1/2"]
[WhiteElo "2523"]
[BlackElo "2617"]
[PlyCount "22"]
[EventDate "2009.12.01"]

1. c4 e6 2. d4 d5 3. Nc3 Nf6 4. cxd5 Nxd5 5. e4 Nxc3 6. bxc3 c5 7. Nf3 cxd4 8.
cxd4 Bb4+ 9. Bd2 Bxd2+ 10. Qxd2 O-O 11. Bc4 Nc6 1/2-1/2

[Event "Cerrado GM"]
[Site "Hotel Don Carlos de Huarte (N"]
[Date "2009.12.04"]
[Round "5"]
[White "Llorente Zaro, Alfonso"]
[Black "Rojas Keim, Luis"]
[Result "0-1"]
[WhiteElo "2441"]
[BlackElo "2466"]
[PlyCount "52"]
[EventDate "2009.12.01"]

1. c4 Nf6 2. Nf3 c5 3. Nc3 e6 4. g3 b6 5. Bg2 Bb7 6. O-O d6 7. Re1 Be7 8. e4 a6
9. d4 cxd4 10. Nxd4 Qc7 11. Be3 Nbd7 12. f4 Rc8 13. Bf2 O-O 14. g4 Qb8 15. Qe2
g6 16. e5 dxe5 17. fxe5 Nxe5 18. Bg3 Nfxg4 19. Bxe5 Nxe5 20. Qxe5 Bc5 21. Rad1
Rfd8 22. Bxb7 Rxd4 23. Bxc8 Rd5+ 24. Kf1 Rxe5 25. Rd8+ Kg7 26. Ne4 Rxe4 0-1

[Event "Cerrado GM"]
[Site "Hotel Don Carlos de Huarte (N"]
[Date "2009.12.04"]
[Round "5"]
[White "Savchenko, Stanislav"]
[Black "Garbisu De Goni, Unai"]
[Result "1/2-1/2"]
[WhiteElo "2536"]
[BlackElo "2458"]
[PlyCount "49"]
[EventDate "2009.12.01"]

1. d4 f5 2. Nc3 Nf6 3. Bg5 d5 4. Bxf6 exf6 5. e3 Be6 6. Bd3 Nc6 7. a3 Qd7 8.
Nge2 g6 9. Na4 b6 10. b3 Na5 11. O-O Bd6 12. Nb2 O-O 13. c4 c5 14. dxc5 bxc5
15. cxd5 Bxd5 16. Bc4 Bxc4 17. Nxc4 Nxc4 18. bxc4 Rfd8 19. Qc2 Be5 20. Rad1 Qe6
21. Rd3 Bc7 22. Rdd1 Rab8 23. g3 a6 24. Qa4 Be5 25. Nf4 1/2-1/2

[Event "Cerrado GM"]
[Site "Hotel Don Carlos de Huarte (N"]
[Date "2009.12.04"]
[Round "5"]
[White "Hernandez Carmenates, Holden"]
[Black "Cabrera Trujillo, Jorge"]
[Result "1-0"]
[WhiteElo "2564"]
[BlackElo "2380"]
[PlyCount "59"]
[EventDate "2009.12.01"]

1. e4 c5 2. Nc3 a6 3. f4 b5 4. g3 Bb7 5. Bg2 e6 6. d3 d5 7. Nh3 Nf6 8. e5 Ng8
9. O-O Ne7 10. f5 exf5 11. Bg5 b4 12. Na4 Nd7 13. e6 fxe6 14. Nf4 Qa5 15. Nxe6
Qxa4 16. Qe2 Nf6 17. Bxf6 gxf6 18. Rae1 Qc6 19. Qh5+ Kd7 20. Qf7 Re8 21. Rxf5
c4 22. Rxd5+ Qxd5 23. Bxd5 Bxd5 24. Nxf8+ Rhxf8 25. Rxe7+ Rxe7 26. Qxf8 b3 27.
axb3 cxd3 28. cxd3 Ke6 29. Qc8+ Ke5 30. d4+ 1-0

[Event "Cerrado GM"]
[Site "Hotel Don Carlos de Huarte (N"]
[Date "2009.12.04"]
[Round "5"]
[White "Huerga Leache, Mikel"]
[Black "Cuadras Avellana, Jorge"]
[Result "1-0"]
[WhiteElo "2435"]
[BlackElo "2340"]
[PlyCount "63"]
[EventDate "2009.12.01"]

1. e4 c5 2. Nf3 e6 3. d4 cxd4 4. Nxd4 Nc6 5. Nc3 d6 6. Be3 Nf6 7. Qd2 Be7 8. f3
a6 9. O-O-O O-O 10. g4 Nxd4 11. Qxd4 Nd7 12. Kb1 b5 13. h4 Ne5 14. Be2 Rb8 15.
Rdg1 Nc4 16. Bxc4 Bf6 17. Qd2 bxc4 18. g5 Be7 19. h5 Rb7 20. g6 fxg6 21. hxg6
hxg6 22. Qh2 Bf6 23. Qh7+ Kf7 24. Qxg6+ Ke7 25. e5 Bxe5 26. Bg5+ Bf6 27. Qxg7+
Ke8 28. Qxf6 Rxb2+ 29. Kc1 Qxf6 30. Bxf6 Rb7 31. Ne4 Rd7 32. Bg7 1-0

[Event "Cerrado GM"]
[Site "Hotel Don Carlos de Huarte (N"]
[Date "2009.12.05"]
[Round "6"]
[White "Mirzoev, Azer"]
[Black "Cuadras Avellana, Jorge"]
[Result "1-0"]
[WhiteElo "2617"]
[BlackElo "2340"]
[PlyCount "89"]
[EventDate "2009.12.01"]

1. d4 Nf6 2. c4 e6 3. Nc3 Bb4 4. e3 O-O 5. Nge2 Re8 6. a3 Bf8 7. g3 d5 8. cxd5
exd5 9. Bg2 a5 10. O-O c6 11. Qc2 Na6 12. Bd2 h5 13. f3 Nc7 14. Rad1 Ne6 15.
Bc1 h4 16. g4 Bd6 17. h3 Bb8 18. e4 dxe4 19. fxe4 c5 20. d5 Nd4 21. Nxd4 cxd4
22. Nb5 Nxg4 23. hxg4 Bxg4 24. Rd3 h3 25. Qf2 Qd7 26. Bf3 Be5 27. Nxd4 Ra6 28.
Kh1 Rg6 29. Ne2 Bxf3+ 30. Qxf3 Rg2 31. Nf4 Rc2 32. Rd2 Rc4 33. Re2 Rec8 34. Nd3
f6 35. Bf4 Bxf4 36. Nxf4 Rc1 37. Rxc1 Rxc1+ 38. Kh2 Qc7 39. Kxh3 Qe5 40. Qg4
Qc7 41. Kg2 Qc4 42. Nh5 g5 43. Nxf6+ Kf7 44. Rf2 Rc2 45. Qxg5 1-0

[Event "Cerrado GM"]
[Site "Hotel Don Carlos de Huarte (N"]
[Date "2009.12.05"]
[Round "6"]
[White "Cabrera Trujillo, Jorge"]
[Black "Huerga Leache, Mikel"]
[Result "0-1"]
[WhiteElo "2380"]
[BlackElo "2435"]
[PlyCount "72"]
[EventDate "2009.12.01"]

1. e4 c5 2. Nf3 d6 3. d4 cxd4 4. Nxd4 Nf6 5. Nc3 Nc6 6. Bg5 e6 7. Qd2 a6 8.
O-O-O Bd7 9. f4 h6 10. Bh4 g5 11. fxg5 Ng4 12. Nf3 hxg5 13. Bg3 Be7 14. Kb1
Nge5 15. Be2 b5 16. Rdf1 Rc8 17. Qd1 Kf8 18. Nxe5 dxe5 19. Bh5 Be8 20. Qf3 Nd4
21. Qd1 Qc7 22. Bg4 Rh6 23. Bf2 Rd8 24. Qc1 b4 25. Nd1 Bb5 26. Re1 Nxc2 27. Ne3
Bc5 28. Rd1 Rxd1 29. Rxd1 Nd4 30. h4 Kg7 31. Nc2 Ne2 32. Bxe2 Bxe2 33. Ne1 Bxd1
34. Bxc5 Kh7 35. hxg5 Rh1 36. Nd3 Bc2+ 0-1

[Event "Cerrado GM"]
[Site "Hotel Don Carlos de Huarte (N"]
[Date "2009.12.05"]
[Round "6"]
[White "Garbisu De Goni, Unai"]
[Black "Hernandez Carmenates, Holden"]
[Result "1/2-1/2"]
[WhiteElo "2458"]
[BlackElo "2564"]
[PlyCount "104"]
[EventDate "2009.12.01"]

1. e4 c5 2. Nf3 d6 3. d4 cxd4 4. Nxd4 Nf6 5. Nc3 a6 6. Be3 Ng4 7. Bg5 h6 8. Bh4
g5 9. Bg3 Bg7 10. Be2 h5 11. Bxg4 Bxg4 12. f3 Bd7 13. Bf2 Nc6 14. O-O e6 15.
Qd2 Ne5 16. Nce2 Rg8 17. Rad1 Bf8 18. b3 g4 19. f4 Nf3+ 20. gxf3 gxf3+ 21. Ng3
h4 22. Kh1 hxg3 23. Bxg3 Qf6 24. Rxf3 Qg6 25. f5 Qg4 26. Rf4 Qg7 27. fxe6 fxe6
28. Rdf1 Be7 29. Qf2 Qg6 30. Rf7 Qxe4+ 31. Kg1 Qg4 32. Rxe7+ Kxe7 33. Qf6+ Ke8
34. Nf5 exf5 35. Re1+ Qe4 36. Kf2 Rf8 37. Qg6+ Kd8 38. Rxe4 fxe4+ 39. Ke3 Rf3+
40. Kd4 Bc6 41. Qxd6+ Ke8 42. Qe6+ Kf8 43. Bd6+ Kg7 44. Be5+ Kf8 45. Qh6+ Kf7
46. Qg7+ Ke6 47. Qg6+ Ke7 48. Kc5 Re8 49. c4 e3 50. Bd6+ Kd7 51. Qg4+ Re6 52.
Qg7+ Ke8 1/2-1/2

[Event "Cerrado GM"]
[Site "Hotel Don Carlos de Huarte (N"]
[Date "2009.12.05"]
[Round "6"]
[White "Rojas Keim, Luis"]
[Black "Savchenko, Stanislav"]
[Result "1/2-1/2"]
[WhiteElo "2466"]
[BlackElo "2536"]
[PlyCount "22"]
[EventDate "2009.12.01"]

1. d4 d5 2. Bg5 h6 3. Bh4 c6 4. Nf3 Qb6 5. b3 Bf5 6. e3 e6 7. Bd3 Bxd3 8. Qxd3
Nd7 9. O-O Be7 10. Bxe7 Nxe7 11. c4 O-O 1/2-1/2